[Event "Joao Pessoa Fischer Memorial 10th"]
[Site "Joao Pessoa"]
[Date "2019.03.31"]
[Round "6"]
[White "Jales, Luiz Fabio Alves"]
[Black "Souza, Neurismar da Rocha"]
[Result "1-0"]
[WhiteElo "1816"]
[BlackElo "1597"]
[PlyCount "59"]
[EventDate "2019.03.29"]
[EventType "swiss"]
[EventRounds "6"]
[EventCountry "BRA"]
[SourceTitle "CBM 190 Extra"]
[Source "ChessBase"]
[SourceDate "2019.07.15"]
[SourceVersion "1"]
[SourceVersionDate "2019.07.15"]
[SourceQuality "1"]

1. d4 d5 2. Nf3 e6 3. e3 Nf6 4. Bd3 b6 5. Qe2 Nbd7 6. 0-0 Bb7 7. Nbd2 c5 8. c3 c4 9. Bc2 Qc7 10. e4 dxe4 11. Nxe4 h6 12. Re1 Be7 13. a4 Nxe4 14. Bxe4 Bxe4 15. Qxe4 Rc8 16. Qg4 Bf6 17. Bf4 Qd8 18. d5 h5 19. Qg3 Nc5 20. dxe6 Nxe6 21. Rad1 Qe7 22. Bd6 Qb7 23. Nd4 Bxd4 24. Rxd4 g6 25. Rxe6+ fxe6 26. Qxg6+ Qf7 27. Qg5 Rh7 28. Rf4 Rg7 29. Qb5+ Kd8 30. Rxf7 1-0

[Event "Joao Pessoa Fischer Memorial 10th"]
[Site "Joao Pessoa"]
[Date "2019.03.31"]
[Round "5"]
[White "Souza, Rafael Cabral de"]
[Black "Jales, Luiz Fabio Alves"]
[Result "1-0"]
[WhiteElo "2105"]
[BlackElo "1816"]
[PlyCount "91"]
[EventDate "2019.03.29"]
[EventType "swiss"]
[EventRounds "6"]
[EventCountry "BRA"]
[SourceTitle "CBM 190 Extra"]
[Source "ChessBase"]
[SourceDate "2019.07.15"]
[SourceVersion "1"]
[SourceVersionDate "2019.07.15"]
[SourceQuality "1"]

1. Nf3 d5 2. g3 Nf6 3. Bg2 g6 4. c4 c6 5. cxd5 cxd5 6. b3 Bg7 7. Bb2 0-0 8. 0-0 Nc6 9. d3 b6 10. Nbd2 Bb7 11. a3 Rc8 12. b4 a6 13. Qb3 b5 14. Rac1 Qd7 15. Qa2 Qd6 16. Qa1 Ne8 17. Nb3 Bxb2 18. Qxb2 Nc7 19. Nc5 Ba8 20. Qd2 Kg7 21. Rc2 e5 22. Rfc1 Rfd8 23. h4 h5 24. Bh3 Rb8 25. Kh2 Rb6 26. Qe3 d4 27. Qd2 f5 28. Ng5 Re8 29. Bg2 Nd5 30. e4 Nf6 31. exf5 Ng4+ 32. Kg1 gxf5 33. Nge6+ Rxe6 34. Nxe6+ Qxe6 35. Qg5+ Kf8 36. Qxh5 Qf6 37. Bd5 Ke7 38. Qh7+ Kd6 39. Rc5 Bb7 40. Bf3 Ne7 41. Bxb7 Rxb7 42. Rc6+ Kd7 43. Rxf6 Nxf6 44. Qf7 Nfd5 45. Rc5 Kd6 46. Rxd5+ 1-0

[Event "Joao Pessoa Fischer Memorial 8th"]
[Site "Joao Pessoa"]
[Date "2017.03.19"]
[Round "6"]
[White "Jales, Luiz Fabio Alves"]
[Black "De Melo, Gelucio"]
[Result "0-1"]
[WhiteElo "1829"]
[BlackElo "1550"]
[PlyCount "42"]
[EventDate "2017.03.17"]
[EventType "swiss"]
[EventRounds "6"]
[EventCountry "BRA"]
[SourceTitle "CBM 177 Extra"]
[Source "ChessBase"]
[SourceDate "2017.04.27"]
[SourceVersion "1"]
[SourceVersionDate "2017.04.27"]
[SourceQuality "1"]

1. d4 Nf6 2. Nf3 g6 3. c4 Bg7 4. Nc3 0-0 5. e4 d6 6. h3 e5 7. Be3 Nc6 8. d5 Ne7 9. g4 c6 10. Bd3 cxd5 11. cxd5 Qa5 12. Qd2 Bd7 13. b4 Qd8 14. Rc1 Nc8 15. Ke2 Nb6 16. Rc2 Rc8 17. Nb5 Bxb5 18. Bxb5 Nxe4 19. Rxc8 Qxc8 20. Qd3 Nc3+ 21. Kf1 e4 0-1

[Event "Paraibano-ch sf"]
[Site "Joao Pessoa"]
[Date "2016.10.16"]
[Round "4.6"]
[White "Jales, Luiz Fabio Alves"]
[Black "Felix, Thiago Ribeiro"]
[Result "1/2-1/2"]
[WhiteElo "1830"]
[BlackElo "1954"]
[PlyCount "88"]
[EventDate "2016.10.14"]
[EventType "swiss"]
[EventRounds "5"]
[EventCountry "BRA"]
[SourceTitle "EXT 2022"]
[Source "ChessBase"]
[SourceDate "2021.10.06"]
[SourceVersion "1"]
[SourceVersionDate "2021.10.06"]
[SourceQuality "1"]

1. d4 Nf6 2. Nf3 e6 3. Bf4 d5 4. e3 Bd6 5. Bg3 Ne4 6. Bxd6 Qxd6 7. Bd3 Qb4+ 8. Nbd2 Nxd2 9. Qxd2 Qxb2 10. 0-0 Qa3 11. e4 dxe4 12. Bxe4 Qe7 13. Rfe1 0-0 14. Rab1 c6 15. Ne5 Nd7 16. Qd3 f5 17. Bf3 Nxe5 18. Rxe5 Rb8 19. Bxc6 Rd8 20. Ba4 Qd6 21. Rd1 b6 22. Bb3 Rb7 23. Qxf5 Re7 24. c3 Rf8 25. Qh3 Rf6 26. Rde1 Rc7 27. R1e3 g6 28. Qg4 Rcf7 29. f3 Qa3 30. Bxe6 Bxe6 31. Rxe6 Rf4 32. Re8+ Kg7 33. Qe6 Qc1+ 34. Kf2 Qd2+ 35. Kg3 R4f5 36. h4 Kh6 37. Re7 Rxe7 38. Qxe7 Qxa2 39. h5 Rg5+ 40. Kf4 Qxg2 41. hxg6 Qh2+ 42. Ke4 Qc2+ 43. Rd3 Qe2+ 44. Re3 Qc2+ 1/2-1/2

[Event "Paraibano-ch sf"]
[Site "Joao Pessoa"]
[Date "2016.10.15"]
[Round "2.7"]
[White "Jales, Luiz Fabio Alves"]
[Black "Ferreira, Alexander da Silva"]
[Result "1-0"]
[WhiteElo "1830"]
[BlackElo "1590"]
[PlyCount "93"]
[EventDate "2016.10.14"]
[EventType "swiss"]
[EventRounds "5"]
[EventCountry "BRA"]
[SourceTitle "EXT 2022"]
[Source "ChessBase"]
[SourceDate "2021.10.06"]
[SourceVersion "1"]
[SourceVersionDate "2021.10.06"]
[SourceQuality "1"]

1. e4 e5 2. Nf3 Nc6 3. Bc4 Bc5 4. 0-0 d6 5. h3 Nf6 6. Nc3 Be6 7. Qe2 Nb4 8. Bxe6 fxe6 9. d3 Qe7 10. a3 Nc6 11. b4 Nd4 12. Qd1 Nxf3+ 13. Qxf3 Bd4 14. Bd2 0-0 15. Qd1 c6 16. Rb1 b5 17. Ne2 a6 18. Nxd4 exd4 19. f4 e5 20. fxe5 dxe5 21. Bg5 Qe6 22. Rf5 Rf7 23. Qe2 Raf8 24. g4 h6 25. Bh4 Nh7 26. Bg3 Qa2 27. Rb3 Qa1+ 28. Kg2 g6 29. Rxf7 Rxf7 30. Bxe5 Ng5 31. Bg3 Ne6 32. Qe1 Qxe1 33. Bxe1 h5 34. Bg3 Kh7 35. Rb1 hxg4 36. hxg4 g5 37. Rh1+ Kg6 38. Rh8 Rf8 39. Rxf8 Nxf8 40. Kf3 Ne6 41. Bb8 Kf7 42. Ba7 Ke7 43. e5 Kf7 44. Ke4 Ke7 45. Bxd4 Nf4 46. Kf5 Ne6 47. Be3 1-0

[Event "Joao Pessoa op 6th"]
[Site "Joao Pessoa"]
[Date "2015.10.11"]
[Round "2"]
[White "Hiramine, Rodrigo Yoshio Ferr"]
[Black "Jales, Luiz Fabio Alves"]
[Result "1-0"]
[WhiteElo "2015"]
[BlackElo "1818"]
[PlyCount "41"]
[EventDate "2015.10.10"]
[EventType "swiss"]
[EventRounds "5"]
[EventCountry "BRA"]
[SourceTitle "CBM 168 Extra"]
[Source "ChessBase"]
[SourceDate "2015.10.29"]
[SourceVersion "1"]
[SourceVersionDate "2015.10.29"]
[SourceQuality "1"]

1. e4 e6 2. d4 d5 3. Nc3 dxe4 4. Nxe4 Nd7 5. Nf3 Ngf6 6. Nxf6+ Nxf6 7. Bd3 Be7 8. 0-0 b6 9. Ne5 Bd7 10. Qf3 0-0 11. Qg3 c5 12. Bh6 Ne8 13. dxc5 Bxc5 14. Rad1 Bd6 15. Bxh7+ Kxh7 16. Rxd6 gxh6 17. Rxd7 Qf6 18. f4 Ng7 19. Qd3+ Kg8 20. Qh3 Rad8 21. Ng4 1-0

[Event "Joao Pessoa op 6th"]
[Site "Joao Pessoa"]
[Date "2015.10.11"]
[Round "3"]
[White "Jales, Luiz Fabio Alves"]
[Black "Leite, Joao Carlos Zirpoli"]
[Result "1-0"]
[WhiteElo "1818"]
[BlackElo "1671"]
[PlyCount "43"]
[EventDate "2015.10.10"]
[EventType "swiss"]
[EventRounds "5"]
[EventCountry "BRA"]
[SourceTitle "CBM 168 Extra"]
[Source "ChessBase"]
[SourceDate "2015.10.29"]
[SourceVersion "1"]
[SourceVersionDate "2015.10.29"]
[SourceQuality "1"]

1. e4 e5 2. Nf3 Nc6 3. Bc4 Bc5 4. c3 Nf6 5. b4 Bb6 6. d3 d6 7. a4 a6 8. Qb3 0-0 9. h3 Qe7 10. Bg5 h6 11. Bh4 g5 12. Bg3 Nh5 13. Bh2 Qf6 14. Nbd2 Nf4 15. Bxf4 exf4 16. d4 g4 17. hxg4 Bxg4 18. 0-0-0 Ne7 19. Rh2 c5 20. Rdh1 h5 21. e5 Qh6 22. exd6 1-0

[Event "Joao Pessoa AXCV op 5th"]
[Site "Joao Pessoa"]
[Date "2015.07.26"]
[Round "4"]
[White "Born, Ary"]
[Black "Jales, Luiz Fabio Alves"]
[Result "0-1"]
[WhiteElo "1469"]
[BlackElo "1847"]
[PlyCount "114"]
[EventDate "2015.07.24"]
[EventType "swiss"]
[EventRounds "5"]
[EventCountry "BRA"]
[SourceTitle "EXT 2016"]
[Source "ChessBase"]
[SourceDate "2015.10.08"]
[SourceVersion "1"]
[SourceVersionDate "2015.10.08"]
[SourceQuality "1"]

1. e4 e5 2. Nf3 Nc6 3. c3 Nf6 4. d4 exd4 5. e5 Nd5 6. cxd4 Bb4+ 7. Bd2 Qe7 8. Bc4 Nb6 9. Bb3 d5 10. 0-0 h6 11. Nc3 Be6 12. a4 a5 13. Nb5 0-0 14. Qe2 Qd7 15. h3 Be7 16. Bf4 Nb4 17. Rfc1 Rfc8 18. Ne1 Bf5 19. Rc3 c6 20. Nd6 Bxd6 21. exd6 Re8 22. Qh5 Re6 23. Be5 Bg6 24. Qh4 Rae8 25. Qg3 Nc8 26. Nd3 Nxd3 27. Rxd3 Rxe5 28. Re3 Rxe3 29. fxe3 Nxd6 30. Qe1 Nf5 31. Qxa5 Rxe3 32. Re1 Qe7 33. Kf2 Rxe1 34. Qxe1 Qxe1+ 35. Kxe1 Nxd4 36. Bd1 Bc2 37. b4 Kf8 38. Kd2 Bxd1 39. Kxd1 Ke7 40. Kd2 Kd6 41. h4 f5 42. h5 f4 43. Kc3 Ne2+ 44. Kd3 Ng3 45. a5 Nxh5 46. Kd4 g5 47. Kc3 g4 48. Kb3 f3 49. gxf3 gxf3 50. Ka4 f2 51. b5 cxb5+ 52. Kxb5 f1Q+ 53. Kb4 Qc4+ 54. Ka3 Qb5 55. a6 bxa6 56. Ka2 d4 57. Ka3 d3 0-1

[Event "Joao Pessoa AXCV op 5th"]
[Site "Joao Pessoa"]
[Date "2015.07.25"]
[Round "3"]
[White "De Lima, Ednaldo Mariano Vas"]
[Black "Jales, Luiz Fabio Alves"]
[Result "1-0"]
[WhiteElo "1628"]
[BlackElo "1847"]
[PlyCount "91"]
[EventDate "2015.07.24"]
[EventType "swiss"]
[EventRounds "5"]
[EventCountry "BRA"]
[SourceTitle "EXT 2016"]
[Source "ChessBase"]
[SourceDate "2015.10.08"]
[SourceVersion "1"]
[SourceVersionDate "2015.10.08"]
[SourceQuality "1"]

1. Nf3 d5 2. g3 c5 3. Bg2 Nc6 4. d4 cxd4 5. Nxd4 e5 6. Nxc6 bxc6 7. c4 Be6 8. 0-0 Be7 9. Nc3 e4 10. cxd5 cxd5 11. Bf4 Nf6 12. Nb5 0-0 13. Qd4 Qb6 14. Qxb6 axb6 15. Nc7 Rac8 16. Nxe6 fxe6 17. Bh3 Rc6 18. Rfc1 Rfc8 19. Bxe6+ Rxe6 20. Rxc8+ Kf7 21. Be3 Ng4 22. Bd4 Bf6 23. Bxf6 Rxf6 24. Rf1 Rd6 25. h3 Ne5 26. Rfc1 d4 27. Rd1 h5 28. Kg2 Ke6 29. f4 exf3+ 30. exf3 d3 31. Rd2 g5 32. Rc3 Kf5 33. a4 g4 34. hxg4+ hxg4 35. fxg4+ Kxg4 36. Kf2 Rf6+ 37. Ke3 Kxg3 38. Ke4 Re6 39. Kd5 Re8 40. Rcxd3+ Nxd3 41. Rxd3+ Kf4 42. Kc6 Re6+ 43. Kb5 Ke4 44. Rd8 Ke5 45. b4 Kf6 46. Rb8 1-0

[Event "Paraiban-ch op"]
[Site "Cabo Branco"]
[Date "2015.06.04"]
[Round "1"]
[White "Teixeira, Alexandre Cesar Fer"]
[Black "Jales, Luiz Fabio Alves"]
[Result "0-1"]
[WhiteElo "1507"]
[BlackElo "1841"]
[PlyCount "40"]
[EventDate "2015.06.04"]
[EventType "swiss"]
[EventRounds "5"]
[EventCountry "BRA"]
[SourceTitle "CBM 167 Extra"]
[Source "ChessBase"]
[SourceDate "2015.09.14"]
[SourceVersion "1"]
[SourceVersionDate "2015.09.14"]
[SourceQuality "1"]

1. d4 d5 2. Nf3 Nf6 3. e3 Bf5 4. Bd3 Ne4 5. Bxe4 Bxe4 6. Nbd2 Bg6 7. 0-0 e6 8. Ne5 Bd6 9. Nxg6 hxg6 10. Nf3 Nd7 11. Re1 g5 12. g3 g4 13. Ne5 Bxe5 14. dxe5 Nxe5 15. Kg2 Qf6 16. e4 0-0-0 17. Qe2 dxe4 18. Qxe4 Rxh2+ 19. Kxh2 Qxf2+ 20. Kh1 Rh8+ 0-1

[Event "Joao Pessoa op 6th"]
[Site "Joao Pessoa"]
[Date "2015.03.14"]
[Round "4"]
[White "Leite, Joao Carlos Zirpoli"]
[Black "Jales, Luiz Fabio Alves"]
[Result "0-1"]
[WhiteElo "1705"]
[BlackElo "1837"]
[PlyCount "30"]
[EventDate "2015.03.13"]
[EventType "swiss"]
[EventRounds "6"]
[EventCountry "BRA"]
[SourceTitle "CBM 165 Extra"]
[Source "ChessBase"]
[SourceDate "2015.04.21"]
[SourceVersion "1"]
[SourceVersionDate "2015.04.21"]
[SourceQuality "1"]

1. e4 e5 2. Nf3 Nc6 3. Bb5 a6 4. Ba4 Nf6 5. 0-0 Be7 6. Re1 b5 7. Bb3 0-0 8. c3 d5 9. exd5 Nxd5 10. d4 exd4 11. Nxd4 Nxd4 12. Bxd5 Qxd5 13. Rxe7 Bb7 14. f3 Qc5 15. Rxf7 Nxf3+ 0-1

[Event "Joao Pessoa op 6th"]
[Site "Joao Pessoa"]
[Date "2015.03.13"]
[Round "2"]
[White "Carneiro, Jose Gildivan"]
[Black "Jales, Luiz Fabio Alves"]
[Result "0-1"]
[WhiteElo "1655"]
[BlackElo "1837"]
[PlyCount "92"]
[EventDate "2015.03.13"]
[EventType "swiss"]
[EventRounds "6"]
[EventCountry "BRA"]
[SourceTitle "CBM 165 Extra"]
[Source "ChessBase"]
[SourceDate "2015.04.21"]
[SourceVersion "1"]
[SourceVersionDate "2015.04.21"]
[SourceQuality "1"]

1. d4 d5 2. Nf3 Nf6 3. Bf4 e6 4. h3 Nbd7 5. e3 Ne4 6. Nfd2 Ndf6 7. Bd3 Nd6 8. 0-0 Be7 9. Nb3 0-0 10. N1d2 Bd7 11. Rc1 Bb5 12. Qe2 Bxd3 13. Qxd3 b6 14. c4 Qd7 15. cxd5 exd5 16. Nf3 Nc4 17. Ne5 Nxe5 18. Bxe5 Ne8 19. Qe2 Bd6 20. Bxd6 Nxd6 21. Nd2 a5 22. Rc2 Rac8 23. Rfc1 Rfe8 24. Nf3 f6 25. Nh2 Re7 26. Qg4 Qb5 27. Rc6 Qxb2 28. R1c2 Qa1+ 29. Nf1 Rce8 30. Rxc7 Qb1 31. Rxe7 Rxe7 32. Qe2 Nc4 33. Kh2 b5 34. Qd3 Rc7 35. Nd2 Nxd2 36. Rxd2 Qxd3 37. Rxd3 Rc2 38. Ra3 a4 39. Kg3 Kf7 40. f3 Ke6 41. h4 h5 42. f4 f5 43. Kf3 Kd6 44. Rd3 b4 45. g4 hxg4+ 46. Kg3 Rxa2 0-1

[Event "Paraibano-ch"]
[Site "Joao Pessoa"]
[Date "2014.11.29"]
[Round "3"]
[White "De Lima, Ednaldo M Vasconce"]
[Black "Jales, Luiz Fabio Alves"]
[Result "1/2-1/2"]
[WhiteElo "1686"]
[BlackElo "1825"]
[PlyCount "112"]
[EventDate "2014.11.28"]
[EventType "swiss"]
[EventRounds "5"]
[EventCountry "BRA"]
[SourceTitle "EXT 2022"]
[Source "ChessBase"]
[SourceDate "2021.10.06"]
[SourceVersion "1"]
[SourceVersionDate "2021.10.06"]
[SourceQuality "1"]

1. d4 d5 2. c4 Nc6 3. cxd5 Qxd5 4. e3 e5 5. Nc3 Bb4 6. Bd2 Bxc3 7. Bxc3 exd4 8. Bxd4 Nxd4 9. exd4 Ne7 10. Nf3 Bg4 11. Be2 0-0-0 12. 0-0 c6 13. Qa4 Bxf3 14. Bxf3 Qxd4 15. Qb3 Nd5 16. Rfd1 Qe5 17. Rac1 Kb8 18. Rxc6 Nb6 19. Rcc1 Rxd1+ 20. Rxd1 Re8 21. h3 f5 22. Qf7 Re7 23. Qg8+ Nc8 24. Qxh7 Nd6 25. Qg8+ Kc7 26. Qb3 Ne4 27. Qc4+ Qc5 28. Qxc5+ Nxc5 29. Rd5 Re1+ 30. Kh2 Ne4 31. Rxf5 Nd6 32. Rc5+ Kb6 33. Rc2 Nf5 34. Re2 Rf1 35. Rd2 Kc7 36. g4 Nh4 37. Bg2 Ra1 38. b3 b6 39. f4 Re1 40. Rc2+ Kd6 41. Kg3 Nxg2 42. Kxg2 Re3 43. f5 Ke5 44. Rc7 Kf4 45. Rc2 Rg3+ 46. Kh2 Re3 47. Rf2+ Kg5 48. f6 gxf6 49. Rf5+ Kg6 50. h4 Re2+ 51. Kg3 Rxa2 52. h5+ Kg7 53. Rb5 Ra1 54. Rd5 Rg1+ 55. Kf4 Rf1+ 56. Kg3 Rg1+ 1/2-1/2

[Event "Joao Pessoa-ch"]
[Site "Joao Pessoa"]
[Date "2014.08.02"]
[Round "3"]
[White "Jales, Luiz Fabio Alves"]
[Black "Senn Mendoza, Teodoro del Carme"]
[Result "0-1"]
[WhiteElo "1867"]
[BlackElo "2250"]
[PlyCount "96"]
[EventDate "2014.08.01"]
[EventType "swiss"]
[EventRounds "6"]
[EventCountry "BRA"]
[SourceTitle "CBM 161 Extra"]
[Source "ChessBase"]
[SourceDate "2014.08.29"]
[SourceVersion "1"]
[SourceVersionDate "2014.08.29"]
[SourceQuality "1"]

1. Nf3 c5 2. d4 cxd4 3. Nxd4 g6 4. Bd2 Nf6 5. Nc3 Bg7 6. e3 0-0 7. Bd3 d6 8. Qf3 Nbd7 9. Bf1 Ne5 10. Qe2 Bd7 11. Nf3 Bg4 12. h3 Nxf3+ 13. gxf3 Bd7 14. 0-0-0 a6 15. e4 b5 16. Be3 Rc8 17. Kb1 Qc7 18. Bd4 Be6 19. a3 Bd7 20. Bxf6 Bxf6 21. Nd5 Qb8 22. Nxf6+ exf6 23. Qd2 Rc6 24. Bd3 Qc8 25. h4 Kg7 26. Rdg1 h5 27. Qf4 Qe8 28. Rg3 Qe5 29. Qe3 Qc5 30. Qd2 Rfc8 31. Rhg1 Qd4 32. c3 Rxc3 33. bxc3 Rxc3 34. f4 Rxa3 35. Qb2 Rxd3 36. Qxd4 Rxd4 37. f3 f5 38. Re1 Be6 39. Re3 a5 40. Rg1 a4 41. Kb2 b4 42. Rc1 Rd2+ 43. Rc2 a3+ 44. Kc1 a2 45. Kxd2 a1Q 46. Re1 Qd4+ 47. Kc1 b3 48. Rce2 Qc3+ 0-1

[Event "Joao Pessoa-ch"]
[Site "Joao Pessoa"]
[Date "2014.08.01"]
[Round "1"]
[White "Brito, Luismar Jorge"]
[Black "Jales, Luiz Fabio Alves"]
[Result "1-0"]
[WhiteElo "2278"]
[BlackElo "1867"]
[PlyCount "29"]
[EventDate "2014.08.01"]
[EventType "swiss"]
[EventRounds "6"]
[EventCountry "BRA"]
[SourceTitle "CBM 161 Extra"]
[Source "ChessBase"]
[SourceDate "2014.08.29"]
[SourceVersion "1"]
[SourceVersionDate "2014.08.29"]
[SourceQuality "1"]

1. Nc3 e5 2. Nf3 Nc6 3. d4 exd4 4. Nxd4 Nf6 5. Bg5 Be7 6. Nf5 0-0 7. Nxe7+ Qxe7 8. Nd5 Qe5 9. Bxf6 gxf6 10. c3 Ne7 11. Nxe7+ Qxe7 12. e3 d6 13. Qf3 Qe5 14. 0-0-0 Bf5 15. Rd5 1-0

[Event "Joao Pessoa AXCV 2nd"]
[Site "Joao Pessoa"]
[Date "2014.07.20"]
[Round "4.4"]
[White "De Oliveira, Jefferson Pereira"]
[Black "Jales, Luiz Fabio Alves"]
[Result "1-0"]
[WhiteElo "1982"]
[BlackElo "1888"]
[PlyCount "103"]
[EventDate "2014.07.18"]
[EventType "swiss"]
[EventRounds "5"]
[EventCountry "BRA"]
[SourceTitle "EXT 2022"]
[Source "ChessBase"]
[SourceDate "2021.10.06"]
[SourceVersion "1"]
[SourceVersionDate "2021.10.06"]
[SourceQuality "1"]

1. d4 d5 2. c4 Nc6 3. Bf4 Nf6 4. Nf3 Bf5 5. Nc3 e6 6. e3 h6 7. h3 Bb4 8. Bd3 Bxd3 9. Qxd3 Ne4 10. 0-0 Nxc3 11. bxc3 Ba5 12. Rab1 b6 13. e4 0-0 14. e5 Ne7 15. Bd2 Qd7 16. Nh4 dxc4 17. Qxc4 c5 18. Be3 cxd4 19. cxd4 Rac8 20. Qe2 Rc7 21. Qg4 Kh8 22. f4 Nd5 23. Bf2 g6 24. Rb3 Kh7 25. Rg3 Rg8 26. Kh2 Rc3 27. Nf3 Qa4 28. Bg1 Qxa2 29. Ng5+ Kg7 30. Ne4 Rxg3 31. Nxg3 Kh7 32. Ne4 Qc2 33. Nd6 Rg7 34. Nxf7 Qf5 35. Nd8 Qxg4 36. hxg4 Nc7 37. f5 exf5 38. gxf5 gxf5 39. Rxf5 b5 40. e6 Kg6 41. g4 Re7 42. Nc6 Rxe6 43. Nxa5 Ra6 44. Nb7 Ra2+ 45. Kg3 a5 46. Rc5 Ra3+ 47. Kg2 Ra2+ 48. Kf3 b4 49. Rxc7 b3 50. Nc5 Rc2 51. Rb7 b2 52. Be3 1-0

[Event "Joao Pessoa AXCV 2nd"]
[Site "Joao Pessoa"]
[Date "2014.07.20"]
[Round "5.6"]
[White "Jales, Luiz Fabio Alves"]
[Black "De Moura Filho, Eny Nobrega"]
[Result "1-0"]
[WhiteElo "1888"]
[BlackElo "1584"]
[PlyCount "63"]
[EventDate "2014.07.18"]
[EventType "swiss"]
[EventRounds "5"]
[EventCountry "BRA"]
[SourceTitle "EXT 2022"]
[Source "ChessBase"]
[SourceDate "2021.10.06"]
[SourceVersion "1"]
[SourceVersionDate "2021.10.06"]
[SourceQuality "1"]

1. e4 c6 2. d4 d5 3. exd5 cxd5 4. c4 Be6 5. c5 Bd7 6. Nc3 Nf6 7. Bg5 Nc6 8. Bxf6 gxf6 9. Nge2 e6 10. g3 e5 11. dxe5 d4 12. Nxd4 fxe5 13. Nb3 Be6 14. Bg2 Bxb3 15. Qxb3 Nd4 16. Qa4+ Qd7 17. Bxb7 Qxa4 18. Nxa4 Nc2+ 19. Kd2 Nxa1 20. Bxa8 Bh6+ 21. Kc3 Ke7 22. Be4 Rd8 23. Rxa1 Rd4 24. Bc2 Bd2+ 25. Kb3 Rb4+ 26. Ka3 a5 27. Rd1 Rd4 28. b3 Bb4+ 29. Kb2 Bd2 30. Nb6 Kd8 31. Nc4 Bc3+ 32. Kxc3 1-0

[Event "Joao Pessoa op 5th"]
[Site "Joao Pessoa"]
[Date "2014.03.15"]
[Round "3"]
[White "Prisma, Zenil Da Costa"]
[Black "Jales, Luiz Fabio Alves"]
[Result "0-1"]
[WhiteElo "1757"]
[BlackElo "1911"]
[PlyCount "106"]
[EventDate "2014.03.14"]
[EventType "swiss"]
[EventRounds "6"]
[EventCountry "BRA"]
[SourceTitle "CBM 159 Extra"]
[Source "ChessBase"]
[SourceDate "2014.04.24"]
[SourceVersion "1"]
[SourceVersionDate "2014.04.24"]
[SourceQuality "1"]

1. d4 Nf6 2. c4 e6 3. Nf3 d5 4. Nc3 Bb4 5. Bg5 0-0 6. cxd5 exd5 7. e3 c6 8. Bd3 Bg4 9. 0-0 Nbd7 10. Rc1 Re8 11. h3 Bh5 12. g4 Bg6 13. Bxg6 fxg6 14. Ne2 Re7 15. Bf4 Ne4 16. Qb3 Qb6 17. Qc2 Rf8 18. Kg2 Ref7 19. Ng5 Nxg5 20. Bxg5 h6 21. Bf4 g5 22. Bh2 Nf6 23. Ng3 Qd8 24. Qg6 Kh8 25. Nf5 Qe8 26. Be5 Qd7 27. Nxh6 gxh6 28. Qxh6+ Kg8 29. f4 Rh7 30. Qg6+ Qg7 31. Qf5 Bd2 32. Rc2 Bxe3 33. fxg5 Bxg5 34. Rcf2 Qh6 35. Rf3 Nd7 36. Qd3 Rxf3 37. Qxf3 Nxe5 38. dxe5 Be7 39. Qg3 Qh4 40. Qd3 Qh6 41. Rf3 Qe6 42. Rf5 Bc5 43. Qf3 Rf7 44. Qf4 Be7 45. Kg3 c5 46. h4 d4 47. Qe4 b5 48. Qa8+ Kg7 49. Rh5 Rf8 50. Qe4 Qg6 51. Rf5 Rxf5 52. Qxf5 Qxf5 53. gxf5 d3 0-1

[Event "Joao Pessoa op 08"]
[Site "Joao Pessoa"]
[Date "2013.08.04"]
[Round "5"]
[White "Silva, Carolina Alves"]
[Black "Jales, Luiz Fabio Alves"]
[Result "0-1"]
[WhiteElo "1722"]
[BlackElo "1837"]
[PlyCount "40"]
[EventDate "2013.08.02"]
[EventType "swiss"]
[EventRounds "6"]
[EventCountry "BRA"]
[SourceTitle "CBM 155 Extra"]
[Source "ChessBase"]
[SourceDate "2013.08.26"]
[SourceVersion "1"]
[SourceVersionDate "2013.08.26"]
[SourceQuality "1"]

1. e4 e5 2. Nf3 Nc6 3. Bb5 a6 4. Ba4 Nf6 5. 0-0 Be7 6. Re1 b5 7. Bb3 0-0 8. c3 d5 9. exd5 Nxd5 10. Nxe5 Nxe5 11. Rxe5 c6 12. d4 Bd6 13. Re1 Qh4 14. g3 Qh3 15. Qf3 Bg4 16. Qg2 Qh5 17. Nd2 Rae8 18. Rxe8 Rxe8 19. Qf1 Bh3 20. Qd1 Qxd1+ 0-1